|
|
|
|
| LEADER |
00000nam0a2200000 4500 |
| 001 |
19020 |
| 005 |
20231101205238.0 |
| 035 |
|
|
|a (RuTPU)RU\TPU\book\19178
|
| 035 |
|
|
|a BOOK00019247
|
| 090 |
|
|
|a 19020
|
| 100 |
|
|
|a 20011209d1985 k y0rusy50 ca
|
| 101 |
0 |
|
|a rus
|
| 102 |
|
|
|a RU
|
| 105 |
|
|
|a y z 000zy
|
| 200 |
1 |
|
|a Диалектика материального мира. Онтологическая функция материалистической диалектики
|f под. ред. В. В. Ильина, Д. А. Гущина
|
| 210 |
|
|
|a Ленинград
|c Изд-во ЛГУ
|d 1985
|
| 215 |
|
|
|a 303 с.
|
| 606 |
1 |
|
|a Диалектика
|2 stltpush
|3 (RuTPU)RU\TPU\subj\9434
|9 36682
|
| 610 |
1 |
|
|a философия
|
| 610 |
1 |
|
|a материалистическая диалектика
|
| 610 |
1 |
|
|a диалектический материализм
|
| 610 |
1 |
|
|a материя
|
| 610 |
1 |
|
|a онтология
|
| 610 |
1 |
|
|a конечное
|
| 610 |
1 |
|
|a бесконечное
|
| 610 |
1 |
|
|a категории
|
| 686 |
|
|
|a Ю210.1
|v LBC/SL-A
|2 rubbk
|
| 702 |
|
1 |
|a Ильин
|b В. В.
|4 340
|
| 702 |
|
1 |
|a Гущина
|b Д. А.
|4 340
|
| 801 |
|
0 |
|a RU
|b 63413507
|c 20011209
|g PSBO
|
| 801 |
|
2 |
|a RU
|b 63413507
|c 20220909
|g PSBO
|
| 900 |
|
|
|a Философия
|
| 942 |
|
|
|c BK
|